Zapojenie priemyslu Východoslovenského kraja do zahraničnoobchodnej činnosti doplnok ku kandidátskej dizdertačnej práci
Guardado en:
| Autor principal: | |
|---|---|
| Autor Corporativo: | |
| Otros Autores: | |
| Formato: | Libro |
| Lenguaje: | eslovaco |
| Publicado: |
Bratislava
1985
|
| Materias: | |
| Etiquetas: |
Sin Etiquetas, Sea el primero en etiquetar este registro!
|
MARC
| LEADER | 00000nam a2200000 4500 | ||
|---|---|---|---|
| 001 | c002724 | ||
| 005 | 20221220080715.9 | ||
| 041 | 0 | |a slo | |
| 044 | |a SK | ||
| 245 | 1 | 0 | |a Zapojenie priemyslu Východoslovenského kraja do zahraničnoobchodnej činnosti |b doplnok ku kandidátskej dizdertačnej práci |c Peter Mikulák ; Škol. Jaroslav Tesárek |
| 264 | 1 | |a Bratislava |c 1985 | |
| 300 | |a 14 s. | ||
| 610 | 2 | 0 | |a priemysel |
| 610 | 2 | 0 | |a obchod zahraničný |
| 610 | 2 | 0 | |a zmeny štruktúrne |
| 610 | 2 | 0 | |a východné Slovensko |
| 610 | 2 | 0 | |a vzťahy hospodárske medzinárodné |
| 610 | 2 | 0 | |a ČSSR |
| 100 | 1 | |a Mikulák, Peter | |
| 700 | 1 | |a Tesárek, Jaroslav | |
| 710 | 2 | |a Vysoká škola ekonomická v Bratislave | |